• 首页
  • 本馆介绍
  • 公告通知
  • 最新文献
  • 馆藏检索
  • 电子资源
  • 读者导购
  • 参考咨询
  • 我的图书馆
  • 登录
  • 详细信息显示
  • 放入我的书架
  • 预约/预借图书
  • 作者相关作品
  • 分类相关作品
  • 丛书相关作品
  • 出版社相关作品

书目信息

  • 表格格式
  • 工作单格式
  • 卡片格式
题名:
从小玩轮滑
    
 
作者: 李秀良 , 刘鹏 编著
分册:  
出版信息: 北京   人民体育出版社  2001
页数: 74页
开本: 18cm
丛书名: 从小爱体育丛书
单 册:
中图分类: G862.8 , G862.8-49
科图分类:
主题词: 滑轮滑冰--少年读物 , 滑轮滑冰
电子资源:
ISBN: 7-5009-2171-3
000 00879oam2 2200277 450
001 010010013993
005 20061029082654.10
010    @a7-5009-2171-3@dCNY6.00
100    @a20060213d2001 em y0chiy0110 ea
101 0  @achi
102    @aCN@b110000
105    @aa z 000yy
200 1  @a从小玩轮滑@9cong xiao wan lun hua@f李秀良,刘鹏编著
210    @a北京@c人民体育出版社@d2001
215    @a74页@c图@d18cm
225 2  @a从小爱体育丛书
330    @a本书概括介绍了轮滑运动的渊源,重点讲解轮滑运动入门学习和初级学习的技术动作,并摘要介绍此项运动的规则和裁判法。
461  0 @12001 @a从小爱体育丛书@1701 0@a骆勤方@4主编
606 0  @a滑轮滑冰@j少年读物
606 0  @a滑轮滑冰
690    @aG862.8@v4
690    @aG862.8-49@v3
701  0 @a李秀良@9li xiu liang@4编著
701  0 @a刘鹏@9liu peng@4编著
801  0 @aCN@bRENTIAN@c20061029
905    @a10447@dG862.8-49@e44
    
    从小玩轮滑/李秀良,刘鹏编著.-北京:人民体育出版社,2001
    74页:图;18cm.-(从小爱体育丛书)
    
    
    ISBN 7-5009-2171-3:CNY6.00
    本书概括介绍了轮滑运动的渊源,重点讲解轮滑运动入门学习和初级学习的技术动作,并摘要介绍此项运动的规则和裁判法。
●
相关链接 在E读中查询图书 在五车中查询图书 在当当中查询图书 在豆瓣中查询图书


正题名:从小玩轮滑     索取号:G862.8-49/44         预约/预借

序号 登录号 条形码 馆藏地/架位号 状态 备注
1 0388110   203881102   第一样本阅览室/ [索取号:G862.8-49/44] 在馆    
2 0388111   203881111   第四借阅区/ [索取号:G862.8-49/44] 在馆    
3 0388112   203881120   第四借阅区/ [索取号:G862.8-49/44] 在馆    
4 0388113   203881139   第四借阅区/ [索取号:G862.8-49/44] 在馆    
5 0388114   203881148   第四借阅区/ [索取号:G862.8-49/44] 在馆    
唐山师范学院图书馆 欢迎您!
大连网信软件有限公司© 版权所有